| 000 | 00800nam a22002297a 4500 | ||
|---|---|---|---|
| 003 | UA-OsUOA | ||
| 001 | 18529 | ||
| 007 | ta | ||
| 008 | 20040210b un ||||| |||| 00| 0 ukr d | ||
| 100 | _aМеремінський А.Й. | ||
| 090 | _bМ-521 | ||
| 942 | _cBK | ||
| 040 |
_aUA-OsUOA _bukr _cUA-OsUOA _dUA-OsUOA |
||
| 245 | _aРівненський парк імені Т.Г.Шевченка - парк-пам'ятка садово-паркового мистецтва державного значення. Бармаківський ентомологічний заказник місцевого значення | ||
| 300 | _a5 с. | ||
| 955 | _a0 | ||
| 041 | _aukr | ||
| 591 | _a28.088л64 | ||
| 260 |
_aРівне _c2003 |
||
| 044 | _aUA | ||
| 650 | 7 |
_aБармаківський _2UDC |
|
| 999 |
_c304700 _d304700 |
||